Jurassic Park Character Deaths - Statistics

General Stats
  • This quiz has been taken 29 times
  • The average score is 8 of 75
Answer Stats
Movie Caused of Death Character % Correct
Jurassic Park Mauled by Dilophosaurus Dennis Nedry
88%
Jurassic Park Mauled by Velociraptor Robert Muldoon
88%
Jurassic Park Eaten by T-Rex Donald Gennaro
65%
Post-Lost World Died to natural causes John Hammond
47%
Jurassic Park 3 Eaten by Spinosaurus Cooper
35%
Jurassic World Smashed against tree by Indominus Rex Cooper
35%
The Lost World Eaten by T-Rex Robert Burke
35%
Jurassic Park 3 Neck snapped by Velociraptor Udesky
35%
The Lost World Crushed by T-Rex Carter
29%
Camp Cretaceous Eaten by Indominus Rex Eddie
29%
Jurassic Park Mauled by Velociraptor Jophery Brown
29%
Jurassic World Blown up in helicopter explosion Simon Masrani
29%
The Lost World Mauled by baby T-Rex Peter Ludlow
24%
The Lost World Mauled by Velociraptor Ajay Sidhu
18%
Fallen Kingdom Smothered with pillow Benjamin Lockwood
18%
Jurassic World Mauled by Velociraptor Victor Hoskins
18%
Pre-Jurassic World Died to illness Charlotte Lockwood
12%
Fallen Kingdom Torn in half by T-Rex Eli Mills
12%
Rebirth Shallowed whole by Quetzalcoatlus LeClerc
12%
Camp Cretaceous Eaten by two Baryonyxs' Tiff
12%
Chaos Theory Mauled by Atrociraptors Carl
6%
Jurassic World Snapped spine caused by Indominus Rex Craig
6%
Camp Cretaceous Eaten by Spinosaurus Cyrus
6%
Fallen Kingdom Mauled by Indoraptor Dan
6%
Chaos Theory Mauled by Atrociraptors Daniel Kon
6%
The Lost World Torn in half by two T-Rexes Edward Carr
6%
Jurassic Park 3 Killed by unknown creature Enrique Cardoso
6%
Camp Cretaceous Mauled by Velociraptor Godinez
6%
Camp Cretaceous Eaten by three Baryonyxs' Hap
6%
Camp Cretaceous Mauled by Velociraptor Kash Langford
6%
Jurassic World Crushed by tree Lee
6%
Dominion Mauled by Dilophosaurus' Lewis Dodgson
6%
Rebirth Eaten by D-Rex Martin Krebs
6%
Jurassic Park 3 Dismembered by Spinosaurus M.B. Nash
6%
Jurassic World Eaten by Indominus Rex Miller
6%
Camp Cretaceous Crushed by T-Rex Mr. Gold
6%
Rebirth Eaten by Spinosaurus Nina
6%
Jurassic World Eaten by Indominus Rex Spears
6%
Jurassic World Eaten by Mosasaurus Zara Young
6%
Jurassic Park 3 Killed by carnivorous dinosaur Benjamin Hildebrand
0%
Pre-Rebirth Died to a car bombing Booker
0%
Chaos Theory Mauled by Atrociraptor Captain Lang
0%
Chaos Theory Mauled by Atrociraptor Corso
0%
Camp Cretaceous Drowned in a river Dawson
0%
The Lost World Eaten by Compys Dietrich Stark
0%
Chaos Theory Mauled by Atrociraptor Dr. Sarr
0%
The Lost World Eaten by T-Rex D.Thompson
0%
Chaos Theory Mauled by Atrociraptors Dudley Cabrera
0%
Pre-Jurassic World Died to illness Fredrick Bowman
0%
Jurassic World Mauled by Velociraptor G. Batoon
0%
Fallen Kingdom Mauled by Indoraptor Gunner Eversoll
0%
Camp Cretaceous Eaten by T-Rex Hansen
0%
Camp Cretaceous Eaten by T-Rex Hawkes
0%
Fallen Kingdom Eaten by Mosasaurus Jack
0%
Chaos Theory Eaten by Becklespinax Jared
0%
Chaos Theory Eaten by Allosaurus Jensen
0%
Jurassic World Mauled by Velociraptor J. Levin
0%
Jurassic Park Mauled by Velociraptor John Raymond
0%
Jurassic World Mauled by Velociraptor J. Shutherland
0%
Jurassic World Crushed by Indominus Rex Katashi Hamada
0%
Fallen Kingdom Mauled by Indoraptor Kenneth Wheatley
0%
Camp Cretaceous Eaten by Compys Lana Molina
0%
Camp Cretaceous Eaten by T-Rex Mitchell
0%
Pre-Jurassic World Died to unknown cause Mrs. Kon
0%
Jurassic World Eaten by Indominus Rex Nicholas Letting
0%
Jurassic World Eaten by Indominus Rex Nick Kilgore
0%
Dominion Decapitated by juvenile Baryonyx Rain Delacourt
0%
Camp Cretaceous Eaten by two Baryonyxs' Reed
0%
Chaos Theory Eaten by Becklespinax Rich
0%
Rebirth Eaten by Spinosaurus Robert Atwater
0%
Chaos Theory Mauled by Atrociraptors Stevens
0%
Chaos Theory Eaten by Suchomimus Sullivan
0%
Jurassic World Mauled by Velociraptor T. Alexander
0%
Chaos Theory Mauled by Pyroraptor Vito
0%
Pre-Jurassic World Eaten by D-Rex Williams
0%
No matching quizzes found
Score Distribution
Percent of People with Each Score
Percentile by Number Answered
Your Score History
You have not taken this quiz